Oxford handbook of pragmatics (Record no. 1434627)

MARC details
000 -LEADER
fixed length control field 00651nam a22002177a 4500
005 - DATE AND TIME OF LATEST TRANSACTION
control field 20250808141050.0
008 - FIXED-LENGTH DATA ELEMENTS--GENERAL INFORMATION
fixed length control field 250808b |||||||| |||| 00| 0 eng d
020 ## - INTERNATIONAL STANDARD BOOK NUMBER
International Standard Book Number 978-0-19-969796-0(hbk)
037 ## - SOURCE OF ACQUISITION
Terms of availability REF
040 ## - CATALOGING SOURCE
Original cataloging agency CRL
Transcribing agency CRL
041 ## - LANGUAGE CODE
Source of code eng
Language code of text/sound track or separate title eng
084 ## - COLON CLASSIFICATION NUMBER
Classification number P:4g Q7
Assigning agency CRL
245 ## - TITLE STATEMENT
Title Oxford handbook of pragmatics
260 ## - PUBLICATION, DISTRIBUTION, ETC.
Place of publication, distribution, etc. Oxford, UK:
Name of publisher, distributor, etc. Oxford University Press,
Date of publication, distribution, etc. 2017.
300 ## - PHYSICAL DESCRIPTION
Extent xxv,711p.
365 ## - TRADE PRICE
Price amount 6495.00
Currency code INR
650 ## - SUBJECT ADDED ENTRY--TOPICAL TERM
Source of heading or term LINGUISTICS
700 ## - ADDED ENTRY--PERSONAL NAME
Personal name Huang, Yan
Relator term Editor
942 ## - ADDED ENTRY ELEMENTS (KOHA)
Source of classification or shelving scheme Colon Classification (CC)
Koha item type Reference
Classification part P:4g Q7
Suppress in OPAC No
Holdings
Withdrawn status Lost status Source of classification or shelving scheme Damaged status Not for loan Home library Current library Date acquired Source of acquisition Cost, normal purchase price Inventory number Total Checkouts Full call number Barcode Date last seen Price effective from Koha item type
    Colon Classification (CC)     Central Library Central Library 2025-08-08 Bright Book Service 6495.00 1533 & 07/03/2018   P:4g Q7 CL1642319 2025-08-08 2025-08-08 Reference
Copyright @ Delhi University Library System